Bài giảng khuyến nông

Gorde:
Xehetasun bibliografikoak
Egile nagusia: Cao Xuân Tài
Formatua: Liburua
Hizkuntza:Vietnamese
Argitaratua: HCM. ĐH Nông Lâm [kxd]
Gaiak:
Etiketak: Etiketa erantsi
Etiketarik gabe, Izan zaitez lehena erregistro honi etiketa jartzen!
Thư viện lưu trữ: Trung tâm Học liệu Lê Vũ Hùng, Trường Đại học Đồng Tháp
LEADER 00754pam a22002298a 4500
001 00025751
005 20171026081023.0
008 110811s[kxd ||||||viesd
041 0 # |a vie 
082 1 4 |a 630.71  |b B103GI 
100 0 # |a Cao Xuân Tài 
245 0 0 |a Bài giảng khuyến nông  |c Cao Xuân Tài 
260 # # |a HCM.  |b ĐH Nông Lâm  |c [kxd] 
300 # # |a 54tr.  |c 21cm. 
653 # # |a giáo dục 
653 # # |a nông nghiệp 
653 # # |a khuyến nông 
852 # # |b Kho giáo trình  |j KGT.0027264, KGT.0027265, KGT.0027266 
852 # # |j KGT.0027266  |j KGT.0027264  |j KGT.0027265 
852 # # |b Kho mượn  |j KGT.0027264 
910 |d 11/08/2011 
980 # # |a Trung tâm Học liệu Lê Vũ Hùng, Trường Đại học Đồng Tháp